Southville International School and Colleges
Your cart is empty.
  • Cart
  • Lists
    Public lists Eva Luna New books Lux_list list_1
    Your lists Log in to create your own lists
  • Log in to your account
  • Your cookies
  • Search history
Southville International School and Colleges
  • Advanced search
  • Recent comments
  • Most popular
  • Libraries

Log in to your account

Log in with GOOGLE


If you do not have an external account, but do have a local account, you can still log in:

  1. Home
  2. MARC view: Atlas Adarna :
Normal view MARC view ISBD view

Atlas Adarna : (Record no. 3541)

[ view plain ]
MARC details
000 -LEADER
fixed length control field 00538nam a22001937a 4500
003 - CONTROL NUMBER IDENTIFIER
control field OSt
005 - DATE AND TIME OF LATEST TRANSACTION
control field 20140310181758.0
008 - FIXED-LENGTH DATA ELEMENTS--GENERAL INFORMATION
fixed length control field 130702t xxu||||| |||| 00| 0 eng d
020 ## - INTERNATIONAL STANDARD BOOK NUMBER
International Standard Book Number 9712700003
050 ## - LIBRARY OF CONGRESS CALL NUMBER
Classification number CB 209
Item number .M379 1990
082 ## - DEWEY DECIMAL CLASSIFICATION NUMBER
Classification number FIL 912.599
Item number M36 1990
100 ## - MAIN ENTRY--PERSONAL NAME
Personal name Martin, Perfecto T.
245 ## - TITLE STATEMENT
Title Atlas Adarna :
Remainder of title mga mapa ng Pilipinas para sa mga mag-aaral
Statement of responsibility, etc Martin, Perfecto T.
260 ## - PUBLICATION, DISTRIBUTION, ETC. (IMPRINT)
Place of publication, distribution, etc Pasig City
Name of publisher, distributor, etc Anvil Pub
Date of publication, distribution, etc c1990.
300 ## - PHYSICAL DESCRIPTION
Extent 32 p. :
Other physical details ill. ;
Dimensions 30 cm.
562 ## - COPY AND VERSION IDENTIFICATION NOTE
Number of copies 1
942 ## - ADDED ENTRY ELEMENTS (KOHA)
Source of classification or shelving scheme Library of Congress Classification
Koha item type Books
Holdings
Withdrawn status Lost status Source of classification or shelving scheme Damaged status Home library Current library Shelving location Date acquired Total Checkouts Full call number Barcode Date last seen Price effective from Koha item type
    Library of Congress Classification   Luxembourg Library Luxembourg Library Filipiniana Section 07/02/2013   CB 209 .M379 1990 0014 08/13/2013 07/02/2013 Books

Atlas Adarna :

APA

Martin P. T., . (1990). Atlas Adarna. Pasig City: Anvil Pub.

Chicago

Martin Perfecto T, . 1990. Atlas Adarna. Pasig City: Anvil Pub.

Harvard

Martin P. T., . (1990). Atlas Adarna. Pasig City: Anvil Pub.

MLA

Martin Perfecto T, . Atlas Adarna. Pasig City: Anvil Pub. 1990.

  • Place hold
  • Print
  • Cite
  • Add to your cart (remove)
  • Save record
    BIBTEX Dublin Core MARCXML MARC (non-Unicode/MARC-8) MARC (Unicode/UTF-8) MARC (Unicode/UTF-8, Standard) MODS (XML) RIS
  • More searches
    Search for this title in:
    Other Libraries (WorldCat) Other Databases (Google Scholar) Online Stores (Bookfinder.com) Open Library (openlibrary.org)

Exporting to Dublin Core...

SOUTHVILLE LIBRARY

Southville International School and Colleges Library

1281 Tropical Ave. Cor. Luxembourg St., BF Homes International, Las Pinas City

Tel. No. 8256374 / 252358 Loc. 117/146

Powered by Koha